The war for all the oceans : (Record no. 127060)

MARC details
000 -LEADER
campo de control de longitud fija 01673nam a22002537a 4500
003 - IDENTIFICADOR DE NÚMERO DE CONTROL
campo de control BJBSDDR
005 - FECHA Y HORA DE LA ÚLTIMA TRANSACCIÓN
campo de control 20260512122508.0
007 - CAMPO FIJO DE DESCRIPCIÓN FÍSICA--INFORMACIÓN GENERAL
campo de control de longitud fija ta
008 - DATOS DE LONGITUD FIJA--INFORMACIÓN GENERAL
campo de control de longitud fija 260512s2006 nyu||||| |||| 00| 0 eng d
020 ## - NÚMERO INTERNACIONAL ESTÁNDAR DEL LIBRO
Número Internacional Estándar del Libro 9780670038640
020 ## - NÚMERO INTERNACIONAL ESTÁNDAR DEL LIBRO
Número Internacional Estándar del Libro 0670038644
040 ## - FUENTE DE CATALOGACIÓN
Lengua de catalogación spa
Centro/agencia transcriptor BJBSDDR
041 ## - CÓDIGO DE IDIOMA
Código de lengua del texto/banda sonora o título independiente eng
050 ## - SIGNATURA TOPOGRÁFICA DE LA BIBLIOTECA DEL CONGRESO
Número de ítem Ad236 2006
100 1# - ENTRADA PRINCIPAL--NOMBRE DE PERSONA
Nombre de persona Adkins, Roy
9 (RLIN) 48402
245 ## - MENCIÓN DEL TÍTULO
Título The war for all the oceans :
Resto del título from Nelson at the Nile to Napoleon at Waterloo /
Mención de responsabilidad, etc. Roy Adkins, Lesley Adkins
260 ## - PUBLICACIÓN, DISTRIBUCIÓN, ETC.
Lugar de publicación, distribución, etc. New York :
Nombre del editor, distribuidor, etc. Viking,
Fecha de publicación, distribución, etc. 2006
300 ## - DESCRIPCIÓN FÍSICA
Extensión xxvi, 534 pages :
Otras características físicas illustrations ;
Dimensiones 24 cm
505 ## - NOTA DE CONTENIDO CON FORMATO
Nota de contenido con formato <br/>Gateway to India<br/>Battle of the Nile<br/>Siege of Acre<br/>From Naples to Copenhagen<br/>War and peace<br/>Hot press<br/>Invasion fleet<br/>Turning point<br/>In every sea<br/>Conflict and commerce<br/>The sea wolf<br/>By land and sea<br/>The grand expedition<br/>Disaster<br/>Prisoners and privateers<br/>The hand of providence<br/>Triumph and tragedy<br/>The great mistake<br/>Up the Chesapeake<br/>Star-Spangled Banner<br/>Swansong<br/>The turn of fortune's wheel<br/>
520 ## - RESUMEN, ETC.
Sumario, etc. An action-packed account of the sea battles of the Napoleonic War, a naval struggle that lasted from 1798 to 1815, beginning with Napoleon's seizing power and ending with the War of 1812. In this vivid and visceral account, the authors draw on eyewitness records to portray not only the battles but also the details of a sailor's life--shipwrecks, press-gangs, prostitutes, spies, and prisoners of war. This epic narrative history will appeal to fans of Patrick O'Brian and C.S. Forester, as well as all readers of military and social history.--From publisher description.
700 1# - ENTRADA AGREGADA--NOMBRE PERSONAL
Nombre de persona Adkins, Lesley
9 (RLIN) 48403
942 ## - ELEMENTOS DE ENTRADA SECUNDARIOS (KOHA)
Fuente del sistema de clasificación o colocación Clasificación de Library of Congress
Suprimir en OPAC No
Tipo de ítem Koha Libro
946 ## - PROCESAMIENTO DE INFORMACIÓN LOCAL (OCLC)
Iniciales del agente catalogador cmc
Holdings
Estatus retirado Estado de pérdida Fuente del sistema de clasificación o colocación Estado de daño No para préstamo Colección Biblioteca de origen Biblioteca actual Ubicación en estantería Fecha de adquisición Signatura topográfica completa Código de barras Visto por última vez Copia número Tipo de ítem Koha
    Clasificación de Library of Congress     Automatización y Procesos Técnicos Biblioteca Juan Bosch Biblioteca Juan Bosch Automatización y Procesos Técnicos (1er. Piso) 12/05/2026 Ad236 2006 00000199791 12/05/2026 1 Libro